Tutte le opere / (Record no. 22284)
[ view plain ]
| 000 -LEADER | |
|---|---|
| campo de control de longitud fija | 00755nam a2200193 i 4500 |
| 001 - NÚMERO DE CONTROL | |
| campo de control | 22284 |
| 003 - IDENTIFICADOR DE NÚMERO DE CONTROL | |
| campo de control | ES-MaACL |
| 005 - FECHA Y HORA DE LA ÚLTIMA TRANSACCIÓN | |
| campo de control | 20240127062956.0 |
| 007 - CAMPO FIJO DE DESCRIPCIÓN FÍSICA--INFORMACIÓN GENERAL | |
| campo de control de longitud fija | t| |
| 008 - DATOS DE LONGITUD FIJA--INFORMACIÓN GENERAL | |
| campo de control de longitud fija | 021202s1919 it ||||1| ita d |
| 100 0# - ENTRADA PRINCIPAL--NOMBRE DE PERSONA | |
| Nombre de persona | Dante Alighieri, |
| Fechas asociadas al nombre | 1265-1321 |
| 9 (RLIN) | 42657 |
| 245 10 - MENCIÓN DEL TÍTULO | |
| Título | Tutte le opere / |
| Mención de responsabilidad, etc. | di Dante Alighieri. |
| 260 ## - PUBLICACIÓN, DISTRIBUCIÓN, ETC. | |
| Lugar de publicación, distribución, etc. | Firenze : |
| Nombre del editor, distribuidor, etc. | G. Barbéra, |
| Fecha de publicación, distribución, etc. | 1919. |
| 300 ## - DESCRIPCIÓN FÍSICA | |
| Extensión | VI, 453 p., 157 lám. : |
| Otras características físicas | 1 retr. ; |
| Dimensiones | 19 cm. |
| 505 8# - NOTA DE CONTENIDO CON FORMATO | |
| Nota de contenido con formato | Contiene: La divina commedia ; Il canzoniere ; Egloghe latine ; La vita nuova ; Il convivio ; De monarchia ; De vulgari eloquentia ; Epistolae ; Quaestio de aqua et terra |
| 595 ## - | |
| -- | Nuovamente rivedute con un copiosissimo indice del contenuto di esse. |
| 852 ## - LOCALIZACIÓN | |
| Ubicación | ES-MaACL |
| Número de control de estantería | F-10512 |
| Estatus retirado | Estado de pérdida | Estado de daño | No para préstamo | Biblioteca de origen | Biblioteca actual | Ubicación en estantería | Fecha de adquisición | Fuente de adquisición | Total de préstamos | Signatura topográfica completa | Código de barras | Visto por última vez | Precio de reemplazo | Tipo de ítem Koha |
|---|---|---|---|---|---|---|---|---|---|---|---|---|---|---|
| Biblioteca del Ateneo de Madrid | Biblioteca del Ateneo de Madrid | Sala Pecera Planta 2 | 17/01/2008 | F-10512 | 1022937 | 23/02/2023 | 23/02/2023 | Libro impreso |
